Historia de un grano de trigo (Record no. 179935)

MARC details
000 -LEADER
campo de control de longitud fija 00851nam a2200217 4500
001 - NÚMERO DE CONTROL
campo de control 179935
003 - IDENTIFICADOR DE NÚMERO DE CONTROL
campo de control ES-MaACL
005 - FECHA Y HORA DE LA ÚLTIMA TRANSACCIÓN
campo de control 20250820123229.0
008 - DATOS DE LONGITUD FIJA--INFORMACIÓN GENERAL
campo de control de longitud fija 120305q1868 sp |||| | spa d
100 1# - ENTRADA PRINCIPAL--NOMBRE DE PERSONA
Nombre de persona Seco y Shelly, Manuel (
Fechas asociadas al nombre m. 1877)
9 (RLIN) 149506
245 10 - MENCIÓN DEL TÍTULO
Título Historia de un grano de trigo
Resto del título : (memorias de un sabio) /
Mención de responsabilidad, etc. Manuel Seco y Shelly. [Las abejas ; Una cacería de tigres / por Mery].
260 ## - PUBLICACIÓN, DISTRIBUCIÓN, ETC.
Lugar de publicación, distribución, etc. Madrid :
Nombre del editor, distribuidor, etc. Librería de Cuesta,
Fecha de publicación, distribución, etc. [1868?] (
Fabricante Imp. Universal)
300 ## - DESCRIPCIÓN FÍSICA
Extensión 238 p. ;
Dimensiones 18 cm.
490 1# - MENCIÓN DE SERIE
Mención de serie Biblioteca económica de instrucción y recreo
700 1# - ENTRADA AGREGADA--NOMBRE PERSONAL
Nombre de persona Méry, Joseph,
Fechas asociadas al nombre 1797-1866
9 (RLIN) 80623
740 42 - ENTRADA AGREGADA--TÍTULO RELACIONADO/ANALÍTICO NO CONTROLADO
Título relacionado o analítico no controlado Las abejas.
740 42 - ENTRADA AGREGADA--TÍTULO RELACIONADO/ANALÍTICO NO CONTROLADO
Título relacionado o analítico no controlado Una cazería de tigres.
830 00 - PUNTO DE ACCESO ADICIONAL DE SERIE-TÍTULO UNIFORME
Título uniforme Biblioteca económica de instrucción y recreo
9 (RLIN) 182441
852 ## - LOCALIZACIÓN
Ubicación ES-MaACL
Número de control de estantería D-3577
Nota libre .- Legado M. de La Fuente
Holdings
Estatus retirado Estado de pérdida Estado de daño No para préstamo Colección Biblioteca de origen Biblioteca actual Ubicación en estantería Fecha de adquisición Fuente de adquisición Total de préstamos Signatura topográfica completa Código de barras Visto por última vez Precio de reemplazo Tipo de ítem Koha
        Libros del s. XIX Biblioteca del Ateneo de Madrid Biblioteca del Ateneo de Madrid Sala Valle Inclán 05/03/2012     D-3577 901189034 23/02/2023 23/02/2023 Libro impreso antiguo